اكتمل التصدير — 

الفسطاط وضاحيتاها العسكر والقطائع / al-fuṣṭāṭ wa-ḍāḥyatāhā al-ʻaskar wa-al-qaṭāiʻ

محفوظ في:

المؤلف الرئيسي: ʻAbd al-Raḥmān. Zakī.

التنسيق: كتاب

اللغة: Undetermined

منشور في: Al-Qāhirah : al-Dār al-Miṣrīyah lil-Taʼlīf wa-al-tarjamah, 1966.

سلاسل: Maktabah al-thaqāfīyah, 158

الموضوعات:

الوسوم: إضافة وسم

لا توجد وسوم, كن أول من يضع وسما على هذه التسجيلة!

رقم الطلب: DT143 .Z272

LEADER 00678nam a2200169Ia 4500
008 240329s9999||||xx |||||||||||||| ||und||
050 4 |a DT143 .Z272 
100 1 |a ʻAbd al-Raḥmān. Zakī. 
245 1 0 |a الفسطاط وضاحيتاها العسكر والقطائع / al-fuṣṭāṭ wa-ḍāḥyatāhā al-ʻaskar wa-al-qaṭāiʻ  |c ʻAbd al-Raḥmān. Zakī 
264 1 |a Al-Qāhirah :  |b al-Dār al-Miṣrīyah lil-Taʼlīf wa-al-tarjamah,  |c 1966. 
300 |a 100, 8 unnumbered pages of plates  |b illustrations, maps  |c 20 
490 0 |a Maktabah al-thaqāfīyah, 158 
650 |a Cairo (Egypt) History 
650 |a Egypt Cairo 
650 |a History 
942 |2 lcc  |c BK 
999 |c 57814  |d 57814